| 000 | 01806ncm0a2200373 4500 | ||
|---|---|---|---|
| 001 | RU\NLR\ONIZ\216632 | ||
| 005 | 20250626062310.0 | ||
| 010 | _z5-86438-012-9 | ||
| 021 |
_aRU _b04-481 _904-17 |
||
| 035 | _a(NLR Aleph) 011414153 | ||
| 090 |
_a11573920 _c11573920 |
||
| 100 | _a20150309d2004 |||y0rusy50 ca | ||
| 101 | 0 | _arus | |
| 102 | _aRU | ||
| 125 | _azx | ||
| 128 | _asg | ||
| 145 | 0 | _aa | |
| 200 | 1 |
_aСиняя птица _bНоты _eсб. песен _e[для голоса (хора) с букв.-цифр. обозн. сопровожд.] _fЛ. Воронова |
|
| 210 |
_aМосква _cЯиздат _d2004 |
||
| 215 |
_a36 с. _cфотопортр. _d21 см |
||
| 313 | _aСистематизация документа проведена по изданию - Методика классифицирования музыкальных произведений (нотных изданий) по таблицам Библиотечно-библиографических классификаций : метод. рекомендации / Гос. б-ка СССР им. В.И. Ленина.- М., 1977. Индексу ББК методических рекомендаций присваивается код ББК для научных библиотек - LBC/SL | ||
| 686 |
_aЩ94(2Р)я44 _vLBC/SL _2rubbk |
||
| 686 |
_aЩ94я491(2Р)я44 _vLBC/SL _2rubbk |
||
| 700 | 1 |
_9z02790 _aВоронова _bЛ. _gЛюдмила _4230 _7ca |
|
| 790 | 1 |
_9z02700 _aVoronova _bL. _gLjudmila _4230 _7ba |
|
| 801 | 0 |
_aRU _bNLR _c20150309 _gPSBO |
|
| 801 | 1 |
_aRU _bNLR _c20150309 _2rusmarc |
|
| 801 | 2 |
_aRU _bNLR _c20190630 |
|
| 852 |
_aNLR _bМ _jК-2/4382 _pМОЭ 2004-17/481 _t1 |
||
| 852 |
_aNLR _bМ _jК-2/4382а _pМОЭ 2004-17/481а _t2 |
||
| 942 | _cSCORE | ||
| 980 | _aNB | ||
| 980 | _aONIZ | ||